000 00469nam a22001697a 4500
005 20251108165217.0
008 250721s1978 xx 000 0 ara d
082 1 4 _a914.6/غنم
100 1 _aغنما، ماجد ذيب
245 1 0 _aيوميات أندلسية /
264 1 _aعمان :
_bجمعية عمال المطابع الوطنية،
_c1978.
300 _a111ص
650 1 7 _aإسبانيا
650 1 7 _aالسفر
942 _2ddc
_cBK
999 _c22231
_d22231